<?xml version="1.0" encoding="UTF-8"?>
<marc:record xmlns:marc="http://www.loc.gov/MARC21/slim">
   <marc:leader>00000nam a2200000 a 4500</marc:leader>
   <marc:datafield ind1="1" ind2=" " tag="100">
      <marc:subfield code="a">Bula, Oksana</marc:subfield>
      <marc:subfield code="4">aut</marc:subfield>
      <marc:subfield code="e">Verfasser/-in</marc:subfield>
   </marc:datafield>
   <marc:datafield ind1="0" ind2="0" tag="245">
      <marc:subfield code="a">Nein, ich bin nicht müde!</marc:subfield>
   </marc:datafield>
   <marc:datafield ind1=" " ind2="1" tag="264">
      <marc:subfield code="a">Hamburg</marc:subfield>
      <marc:subfield code="b">Ellermann</marc:subfield>
      <marc:subfield code="c">2020</marc:subfield>
   </marc:datafield>
   <marc:datafield ind1="1" ind2=" " tag="520">
      <marc:subfield code="a">Der Bär möchte gern wissen, wie der Winter ist. Winterschlaf? Kommt nicht in Frage! Als ihn die kleinen Waldgeister zu Bett bringen wollen, wehr er sich mit allen Tatzen. Doch die gähnend-große Wintermüdigkeit überkommt ihn am Ende doch. Anders der Wisent. Der würde die kalte Jahreszeit am liebsten verschlafen. Also quengelt er, bis die Waldgeister ihm ein gemütliches Bett bauen. Dumm nur, dass so ein Wisent gar keinen Winterschlaf hält! Ein wunderbares Wendebilderbuch zum Thema Einschlafen.</marc:subfield>
   </marc:datafield>
   <marc:datafield ind1=" " ind2=" " tag="020">
      <marc:subfield code="a">9783770702404</marc:subfield>
      <marc:subfield code="9">9783770702404</marc:subfield>
   </marc:datafield>
   <marc:datafield ind1=" " ind2=" " tag="020">
      <marc:subfield code="a">3770702409</marc:subfield>
      <marc:subfield code="9">3770702409</marc:subfield>
   </marc:datafield>
   <marc:datafield ind1=" " ind2=" " tag="300">
      <marc:subfield code="a">80 Seiten</marc:subfield>
   </marc:datafield>
</marc:record>
